LEADER 00892nam0-22003251i-450- 001 990001357270403321 010 $a0-8218-0284-4 035 $a000135727 035 $aFED01000135727 035 $a(Aleph)000135727FED01 035 $a000135727 100 $a20000920d1996----km-y0itay50------ba 101 0 $aeng 200 1 $aRiemannian Geometry$fTakashi Sakai 210 $aProvidence (RI)$cAmerican Mathematical Society$d1996 215 $axiii, 358 p.$cill.$d26 cm 225 1 $aTranslations of mathematical monographs$v149 610 0 $aGeometria differenziale 676 $a516.373 700 1$aSakai,$bTakashi$061254 801 0$aIT$bUNINA$gRICA$2UNIMARC 901 $aBK 912 $a990001357270403321 952 $aC-29-(149$b15007$fMA1 959 $aMA1 962 $a53-01 962 $a53CXX 996 $aRiemannian Geometry$9375775 997 $aUNINA DB $aING01 LEADER 02111nas 2200649-a 450 001 996203308103316 005 20220916124425.0 011 $a1532-0480 035 $a(OCoLC)45147742 035 $a(CKB)110996003184004 035 $a(CONSER)---00212507- 035 $a(DE-599)ZDB2057141-0 035 $a(EXLCZ)99110996003184004 100 $a20001010a20019999 --- - 101 0 $aeng 135 $aurmnu|||||||| 181 $ctxt$2rdacontent 182 $cc$2rdamedia 183 $acr$2rdacarrier 200 10$aJournal of biomedical informatics 210 $a[San Diego, CA] $cAcademic Press$d2001- 210 31$aAmsterdam :$cElsevier,$d2011- 300 $aTitle from contents screen (ScienceDirect, viewed Oct. 1, 2003). 300 $aRefereed/Peer-reviewed 311 $a1532-0464 517 3 $aBiomedical informatics 517 3 $aJBI 531 0 $aJ BIOMED INFORM 531 0 $aJ. BIOMED. INFORM 531 10$aJ Biomed Inform 606 $aMedical informatics$vPeriodicals 606 $aMedicine$xData processing$vPeriodicals 606 $aMedicine$xResearch$xData processing$vPeriodicals 606 $aMedical informatics$2fast$3(OCoLC)fst01014175 606 $aMedicine$xData processing$2fast$3(OCoLC)fst01014924 606 $aMedicine$xResearch$xData processing$2fast$3(OCoLC)fst01015063 606 $aElectronic Data Processing 606 $aBiometry 606 $aComputer-Assisted Instruction 606 $aComputers 606 $aMedical Informatics 608 $aPeriodicals.$2fast 615 0$aMedical informatics 615 0$aMedicine$xData processing 615 0$aMedicine$xResearch$xData processing 615 7$aMedical informatics. 615 7$aMedicine$xData processing. 615 7$aMedicine$xResearch$xData processing. 615 2$aElectronic Data Processing. 615 2$aBiometry. 615 2$aComputer-Assisted Instruction. 615 2$aComputers. 615 2$aMedical Informatics. 906 $aJOURNAL 912 $a996203308103316 996 $aJournal of biomedical informatics$91904682 997 $aUNISA